00289nam a2200121Ia 4500008004100000100002500041245001500066260003200081300000800113650002200121942000700143999001700150190216s9999||||xx |||||||||||||| ||und|| aRaghavan Nambiar K M 0aRajasooyam bPoorna Pubs Kozhikodec1987 a72p aMalayalam Nadakam cBK c26307d26307